000 00291nam a2200133Ia 4500
100 _aRobbins/ J.
942 _cBK
654 _aFun with fractals
245 _aFun with Fractals
260 _bTech. Publications
_aSingapore
_c1993
082 _a621.38195
546 _aENGLISH
999 _c23421
_d23421